Normal view MARC view

Entry Personal Name

Number of records used in: 1

001 - CONTROL NUMBER

  • control field: 17236

003 - CONTROL NUMBER IDENTIFIER

  • control field: VITAP

005 - DATE AND TIME OF LATEST TRANSACTION

  • control field: 20260313122401.0

008 - FIXED-LENGTH DATA ELEMENTS

  • fixed length control field: 260313|| aca||aabn | a|a d

040 ## - CATALOGING SOURCE

  • Original cataloging agency: VITAP

100 ## - HEADING--PERSONAL NAME

  • Personal name: Raja, Y. Narasimha

Visitor Number: